000 00337 a2200121 4500
001 ART_54816
005 20260410162047.0
008 260409a
245 1 0 _aLa ley Boca y la exención del IVA
100 1 _aBertazza, Humberto J.
700 1 _aSerra, Marcelo
773 0 _tImpuestos
_g- N°108 (sep. 2021)
_wREV45175
999 _c35470
_d35470